| 000 | 00333nam a2200121Ia 4500 | ||
|---|---|---|---|
| 008 | 150202s9999 xx 000 0 und d | ||
| 050 |
_aFIC _bFIC |
||
| 100 | _aKennedy, Adam. | ||
| 245 | 4 |
_aThe domino principle / _cAdam Kennedy. |
|
| 260 |
_aNew York : _bSignet Books, _c1975. |
||
| 300 |
_a197 pages : _c18 cm. |
||
| 650 | _aFiction. | ||
| 999 |
_c282151 _d282151 |
||